000
00313nam a2200157Ia 4500
100
_a
Eckhart Tolle
650
_a
Ficiton
942
_c
BK
366
_f
20
245
_a
Stillness speaks
260
_b
Yogi impressions
_c
2003
082
_a
291.4/ECK
_b
ECK
300
_a
129
546
_a
ENGLISH
999
_c
23328
_d
23328